| 000 | 00637nam a22001577a 4500 | ||
|---|---|---|---|
| 999 |
_c60760 _d60760 |
||
| 005 | 20231019113916.0 | ||
| 008 | 231019s1987 ru ||||| |||| 00| 0 rus d | ||
| 041 | _arus | ||
| 080 | _a82-34(031) M-68 | ||
| 245 |
_aМифы народов мира : _bЭнциклопедия: в 2-х т. Т. 1. / _cГл. ред. С. А. Токарев. |
||
| 264 |
_aМ.: _bСоветская энциклопедия, _c1987. |
||
| 300 |
_a 671 с.: _bил.; _c27 cm. |
||
| 653 | _aმსოფლიოს ხალხების მითები | ||
| 700 |
_aТокарев, С. А. _eმთ. რედაქტორი _920125 |
||
| 942 |
_2udc _cBK |
||